แสดงรายละเอียดบรรณานุกรม
  กลับหน้าหลัก

Brief Record : Get Marc (ISO 2709) : E-mail record : QR code ปิดหน้าต่าง
LEADER 00000nam 2200000uu 4500
008    120601s2554||||th 000 0 tha d
040    ^abcnkk
041 0  ^atha
060  0 ^aวจ WY20.5 น196ค 2554.
100 0  ^aนภาดล สีหพันธุ์.
245 00 ^aรายงานวิจัยเรื่อง คุณลักษณะของพยาบาลวิชาชีพตามความต้องการของสังคมในเขตตรวจราชการกระทรวงสาธารณสุข ที่ 13./^bนภาดล สีหพันธุ์,ปาริชาต รัตนราช,ไพรวัลย์ โคตรตะ.
260    ^aอุบลราชธานี : ^bคณะพยาบาลศาสตร์ มหาวิทยาลัยราชภัฎอุบลราชธานี,^c2554.
300    ^a 100 หน้า.
650  0 ^aพยาบาล.
650  0 ^aคุณลักษณะของพยาบาล.
650  0 ^aวิจัย.
710 1  ^aมหาวิทยาลัยราชภัฎอุบลราชธานี. คณะพยาบาลศาสตร์.
999    ^aใช้งานได้ทุกระบบ
รายการนี้ยังไม่มีแท็ก
คุณยังไม่ได้ล็อกอิน คุณสามารถมีกิจกรรมร่วมกับเว็บไซต์ได้ แต่ต้องล็อกอินก่อน ::
  ล็อกอิน
ลำดับที่ ประเภท เลขเรียก สถานที่ สถานะ
1. งานวิจัย
งานวิจัย
วจ WY20.5 น196ค 2554  
  
หนังสือทั่วไป On Shelf
  ขอยืม
   [แสดง 1/1 รายการ]

รายการใกล้เคียง
    หัวเรื่อง [พยาบาล.]
    หัวเรื่อง [วิจัย.]

BibComment


ยังไม่เคยถูกคอมเมนท์

คอมเมนท์ทรัพยากรรายการนี้
  คอมเมนท์: รายงานวิจัยเรื่อ..
Bib 207367

 
 
 

 Union Library Management : ULibM
Copyright 2026. All Rights Reserved.
скачать бесплатно без регистрации порно красивый секс HD Sex Hindi sex

xxx gou

xxxx

bfxxx

xxxwww

Секса Видео

xxxx

Секса Видео

detube

geilexxx

C99 Shell

worms shell

blod xxx video
Ebony Coed Rihanna Rimes Takes A Dick In Her Young Twat priyaa indian fuck anal and pusssy hardcore indian women xxx desi hardcore fucking part 1 bengalixxxcouple